|
|
|
|
| LEADER |
01281nam a2200289 a 4500 |
| 001 |
37457865 |
| 008 |
120329r20101998enka b 001 0 eng |
| 010 |
|
|
|a 97033569
|
| 020 |
|
|
|a 0521554950 (hb)
|
| 020 |
|
|
|a 0521555353 (pb)
|
| 020 |
|
|
|a 9780521189248
|
| 040 |
|
|
|a DLC
|c DLC
|d C#P
|d UKM
|d MUQ
|d EQF
|d OrLoB-B
|d BD-DhAAL
|
| 049 |
|
|
|a EQFA
|
| 050 |
0 |
0 |
|a PE1128.A2
|b W228 1998
|
| 082 |
0 |
0 |
|a 428/.007/2
|2 21
|
| 100 |
1 |
|
|a Wallace, Michael J.
|
| 245 |
1 |
0 |
|a Action research for language teachers /
|c Michael J. Wallace.
|
| 260 |
|
|
|a Cambridge ;
|a New York :
|b Cambridge University Press,
|c 2010.
|
| 300 |
|
|
|a xii, 273 p. :
|b ill. ;
|c 23 cm.
|
| 490 |
0 |
|
|a Cambridge teacher training and development.
|
| 504 |
|
|
|a Includes bibliographical references (p. 266-269) and indexes.
|
| 541 |
|
|
|e 00024851
|
| 650 |
|
0 |
|a English language
|x Study and teaching
|x Foreign speakers
|x Research.
|
| 650 |
|
0 |
|a Language and languages
|x Study and teaching
|x Research.
|
| 852 |
1 |
|
|a Ayesha Abed Library
|c General shelf.
|
| 999 |
|
|
|c 12049
|d 12049
|
| 952 |
|
|
|0 0
|1 3
|2 ddc
|4 0
|6 428_000000000000000__007_2_WAL
|7 0
|9 19860
|a BRACUL
|b BRACUL
|c GEN
|d 2012-03-28
|e karim International
|g 513.50
|l 2
|m 10
|o 428.0072 WAL
|p 3010024851
|r 2014-11-13
|s 2014-11-13
|t 1
|w 2012-03-29
|y BK
|x Lost and paid by Md. Shams Ud Doha TK-1026, Money receipt no: 31505
|